| 000 | 00468nam a2200169Ia 4500 | ||
|---|---|---|---|
| 008 | 230917s9999||||xx |||||||||||||| ||und|| | ||
| 020 | _cRS895 | ||
| 040 |
_e236997 _aMAIN |
||
| 041 | _aEnglish | ||
| 082 | _a338.4791 N153M | ||
| 100 | _aNandi, Veena Tiwari | ||
| 245 | 0 | _aMedical tourism and economic development | |
| 260 |
_aNew Delhi _bEnkay Publishing _c2013 |
||
| 300 | _axii, 276 p. | ||
| 500 | _a2530 09/01/2017 IBS17/604 12/01/2017 IHTM (SFS) | ||
| 942 | _cBK | ||
| 999 |
_c20524 _d20524 |
||